000 00379nam a22001337a 4500
020 _qPB.
040 _cFizza Ishaq
082 _a306.6
_bTAW
100 _aWeber,Max.
_9134055
245 _aThe Protestant Ethic and the Spirit of Capitalism /
_cMax Weber.
260 _aNew York :
_bCharles Scribner & Sons,
_c1958.
300 _a292 p, ;
_c5.3 x 7.9 x .9 inches
942 _2ddc
_cBK
999 _c616984
_d616984